Statistiques concernant Paroles - Tes états d'âme...Éric - Luna Parker

Cliquez ici pour prendre le quiz!

Statistiques générales

  • Ce quiz a été pris 40 fois
  • Le résultat moyen est 160 sur 232

Statistiques - réponses

Paroles% Correct
à
100%
d'âme
100%
Et
100%
et
100%
état
100%
états
100%
Le
100%
le
100%
les
100%
Comme
97%
Éric
97%
pour
97%
sont
97%
te
97%
tes
97%
Tes
97%
d'Amérique
94%
moi
91%
Je
89%
je
89%
par
86%
un
86%
De
80%
de
80%
dans
77%
Dans
77%
visite
74%
est
71%
d'âmes
69%
en
66%
alphabétique
63%
Se
63%
des
60%
mes
60%
ordre
60%
fond
57%
l'âme
57%
lame
57%
Tu
57%
tu
57%
une
57%
vague
57%
Vague
57%
âme
54%
leur
54%
ou
54%
Ton
54%
ton
54%
l'ordre
51%
Qui
51%
tout
51%
ce
49%
d'amnésie
49%
du
49%
pacifique
49%
ces
46%
Mais
46%
quand
46%
bien
43%
suis
43%
dictionnaire
40%
dont
40%
fois
40%
ne
40%
Chaque
37%
commence
37%
divagues
37%
na,
37%
Na,
37%
N'a
37%
souvenirs
37%
termine
37%
armes
34%
c'est
34%
lasse
34%
leurs
34%
moral
34%
ordres
34%
page,
34%
rodéos
34%
seule
34%
Texas
34%
amateur
31%
KO
31%
larmes
31%
l'état
31%
qu'un
31%
qu'une
31%
soeur
31%
terrain
31%
vers
31%
autour
29%
chaos,
29%
entre
29%
lassos
29%
leurre
29%
ramène
29%
s'enflamme
29%
s'entrelacent
29%
sers
29%
adversaire
26%
macadam
26%
meilleure
26%
rubrique
26%
courant
23%
piège
23%
récifs
23%
surfes
23%
tromperait
23%
abscence
17%
corral
17%
Ok
17%
tournoient
17%
nana,
14%
nana
14%

Distribution des résultats

Percentile par nombre de réponses

% des personnes avec chaque résultat

Votre développement - résultats

Vous n’avez pas pris ce quiz